Catálogo

ESSAYS ON WORLD EDUCATION : (Registro nro. 15078)

Detalles MARC
000 -LEADER
fixed length control field 00424nam a2200157 a 4500
001 - CONTROL NUMBER
control field 15078
005 - DATE AND TIME OF LATEST TRANSACTION
control field 20180713203652.0
008 - FIXED-LENGTH DATA ELEMENTS--GENERAL INFORMATION
fixed length control field 140415s1969 mx 000 0 eng d
041 ## - LANGUAGE CODE
Language code of text/sound track or separate title eng
082 ## - DEWEY DECIMAL CLASSIFICATION NUMBER
Classification number 370
Item number ESS
245 00 - TITLE STATEMENT
Title ESSAYS ON WORLD EDUCATION :
Remainder of title THE CRISIS OF SUPPLY AND DEMAND
250 ## - EDITION STATEMENT
Edition statement 1a ed.
260 ## - PUBLICATION, DISTRIBUTION, ETC.
Place of publication, distribution, etc. MEXICO :
Name of publisher, distributor, etc. OXFORD UNIVERSITY PRESS,
Date of publication, distribution, etc. 1969
300 ## - PHYSICAL DESCRIPTION
Extent 359
650 14 - SUBJECT ADDED ENTRY--TOPICAL TERM
Topical term or geographic name entry element EDUCACION
Existencias
Withdrawn status Lost status Source of classification or shelving scheme Damaged status Not for loan Collection code Home library Current library Shelving location Date acquired Source of acquisition Inventory number Total Checkouts Full call number Barcode Date last seen Price effective from Koha item type
    Dewey Decimal Classification     General Biblioteca Karol Wojtyla Biblioteca Karol Wojtyla Sala general 03/12/2013 Compra 151000000000000000047697   370 ESS 32507 05/01/2026 03/12/2013 Libro